বিক্রমপুরের ইতিহাস : (Record no. 71530)
[ view plain ]
| 000 -LEADER | |
|---|---|
| fixed length control field | 01197nam a2200253 a 4500 |
| 001 - CONTROL NUMBER | |
| control field | 71530 |
| 003 - CONTROL NUMBER IDENTIFIER | |
| rucl marc code | BD-RjUL |
| 005 - DATE AND TIME OF LATEST TRANSACTION | |
| control field | 20211209082128.0 |
| 008 - FIXED-LENGTH DATA ELEMENTS--GENERAL INFORMATION | |
| fixed length control field | 170504s1939 ii a|||| |||| 000 0 ben d |
| 035 ## - SYSTEM CONTROL NUMBER | |
| System control number | (BD-RjUL)71746 |
| 040 ## - CATALOGING SOURCE | |
| Original cataloging agency | BD-RjUL |
| Language of cataloging | ben |
| Transcribing agency | BD-RjUL |
| Modifying agency | BD-RjUL |
| 041 ## - LANGUAGE CODE | |
| Language code of text/sound track or separate title | ben |
| 082 ## - DEWEY DECIMAL CLASSIFICATION NUMBER | |
| Edition number | 23 |
| Classification number | 954.922 |
| Author mark and year | GUB 139 |
| 100 1# - MAIN ENTRY--PERSONAL NAME | |
| Personal name | গুপ্ত, যোগেন্দ্রনাথ |
| 9 (RLIN) | 164212 |
| 245 10 - TITLE STATEMENT | |
| Title | বিক্রমপুরের ইতিহাস : |
| Remainder of title | [প্রাচীন বৈদিক যুগ হইতে মুসলমান-বিজয়পর্য্যন্ত] / |
| Statement of responsibility, etc. | যোগেন্দ্রনাথ গুপ্ত প্রণীত |
| 250 ## - EDITION STATEMENT | |
| Edition statement | ২য় সং. |
| 260 ## - PUBLICATION, DISTRIBUTION, ETC. (IMPRINT) | |
| Place of publication, distribution, etc. | কলিকাতা : |
| Name of publisher, distributor, etc. | সুধাংশুশেখর গুপ্ত, |
| Date of publication, distribution, etc. | ১৯৩৯ [১৩৪৬] |
| 300 ## - PHYSICAL DESCRIPTION | |
| Pagination | খণ্ড. : |
| Illustrations | চিত্র. ; |
| Size | ২৭ সেমি. |
| 500 ## - GENERAL NOTE | |
| General note | "চিত্র ও মানচিত্র সম্বলিত" |
| 505 0# - FORMATTED CONTENTS NOTE | |
| Formatted contents note | খণ্ড. ১ -- |
| 651 ## - SUBJECT ADDED ENTRY--GEOGRAPHIC NAME | |
| Geographic name | বাংলাদেশ |
| Geographic subdivision | বিক্রমপুর |
| General subdivision | ইতিহাস |
| 9 (RLIN) | 211649 |
| Geographic name | Bangaladesh |
| Geographic subdivision | Bikrompur |
| General subdivision | History |
| 9 (RLIN) | 211650 |
| 942 ## - ADDED ENTRY ELEMENTS (KOHA) | |
| Source of classification or shelving scheme | Dewey Decimal Classification |
| Koha item type | Rare Books |
| Lost status | Source of classification or shelving scheme | Damaged status | Not for loan | Collection code | Permanent Location | Current Location | Shelving location | Date acquired | Source of acquisition | Cost, normal purchase price | Total Checkouts | Full call number | Date last seen | Copy number | Koha item type |
|---|---|---|---|---|---|---|---|---|---|---|---|---|---|---|---|
| Dewey Decimal Classification | Not For Loan | Non-fiction | Central Library, University of Rajshahi | Central Library, University of Rajshahi | Rare Book Section | 21/10/1963 | Kamala, Book | 8.50 | BRA 954.922 GUB V-1 1939 | 04/05/2017 | C-1 | Rare Books |